The proteins / (Record no. 11061)
[ view plain ]
| 000 -LEADER | |
|---|---|
| fixed length control field | 00966cam a2200325 a 4500 |
| 001 - CONTROL NUMBER | |
| control field | 11061 |
| 003 - CONTROL NUMBER IDENTIFIER | |
| rucl marc code | BD-RjUL |
| 005 - DATE AND TIME OF LATEST TRANSACTION | |
| control field | 20211208235050.0 |
| 008 - FIXED-LENGTH DATA ELEMENTS--GENERAL INFORMATION | |
| fixed length control field | 140126t1976 nyua b 001 0 eng d |
| 020 ## - INTERNATIONAL STANDARD BOOK NUMBER | |
| International Standard Book Number | 0125163010 (v.1) |
| International Standard Book Number | 0125163029 (v.2) |
| International Standard Book Number | 0125163037 (v.3) |
| International Standard Book Number | 0125163045 (v.4) |
| International Standard Book Number | 0125163053 (v.5) |
| 035 ## - SYSTEM CONTROL NUMBER | |
| System control number | (BD-RjUL)11110 |
| 040 ## - CATALOGING SOURCE | |
| Original cataloging agency | DLC |
| Transcribing agency | DLC |
| Modifying agency | m.c |
| -- | OCL |
| -- | BD-RjUL |
| Language of cataloging | eng |
| 041 ## - LANGUAGE CODE | |
| Language code of text/sound track or separate title | eng |
| 082 04 - DEWEY DECIMAL CLASSIFICATION NUMBER | |
| Edition number | 23 |
| Classification number | 572.6 |
| Author mark and year | PRO 1976 |
| 245 14 - TITLE STATEMENT | |
| Title | The proteins / |
| Statement of responsibility, etc. | edited by Hans Neurath [and] Robert L. Hill. Assisted by Carol-Leigh Boeder |
| 250 ## - EDITION STATEMENT | |
| Edition statement | 3d ed. |
| 260 ## - PUBLICATION, DISTRIBUTION, ETC. (IMPRINT) | |
| Place of publication, distribution, etc. | New York : |
| Name of publisher, distributor, etc. | Academic Press, |
| Date of publication, distribution, etc. | 1976. |
| 300 ## - PHYSICAL DESCRIPTION | |
| Pagination | v. : |
| Illustrations | ill. ; |
| Size | 24 cm. |
| 504 ## - BIBLIOGRAPHY, ETC. NOTE | |
| Bibliography, etc | Includes bibliographical reference and index. |
| 505 ## - FORMATTED CONTENTS NOTE | |
| Formatted contents note | V. 1-- |
| 650 #0 - SUBJECT ADDED ENTRY--TOPICAL TERM | |
| Topical term or geographic name as entry element | Proteins |
| 9 (RLIN) | 34187 |
| Topical term or geographic name as entry element | Proteins |
| 9 (RLIN) | 34188 |
| 700 1# - ADDED ENTRY--PERSONAL NAME | |
| Personal name | Neurath, Hans, |
| Dates associated with a name | 1909-2002 |
| Personal name | Hill, Robert L., |
| Dates associated with a name | 1928- |
| 942 ## - ADDED ENTRY ELEMENTS (KOHA) | |
| Source of classification or shelving scheme | Dewey Decimal Classification |
| Koha item type | Books |
| Lost status | Source of classification or shelving scheme | Damaged status | Not for loan | Collection code | Permanent Location | Current Location | Shelving location | Date acquired | Source of acquisition | Cost, normal purchase price | Total Checkouts | Full call number | Date last seen | Copy number | Koha item type |
|---|---|---|---|---|---|---|---|---|---|---|---|---|---|---|---|
| Dewey Decimal Classification | Non-fiction | Central Library, University of Rajshahi | Central Library, University of Rajshahi | 20/05/1977 | W.heffers and Song | 50.80 | 572.6 PRO V-2 1976 | 26/01/2014 | C-2 | Books | |||||
| Dewey Decimal Classification | Not For Loan | Non-fiction | Central Library, University of Rajshahi | Central Library, University of Rajshahi | Reading Room | 20/05/1977 | W.heffers and Song | 50.80 | 572.6 PRO V-1 1975 | 18/04/2017 | C-1 | Books |